| 000 | 01576cam a22003734a 4500 | ||
|---|---|---|---|
| 090 | _c0 | ||
| 001 | 14606338 | ||
| 005 | 20080311082448.0 | ||
| 008 | 061023s2007 gw a b 001 0 eng | ||
| 010 | _a2006937159 | ||
| 020 | _a9783540237334 (acidfree paper) | ||
| 020 | _a354023733X (acidfree paper) | ||
| 040 |
_aDLC _cDLC _dDLC |
||
| 050 | 0 | 0 |
_aQ335 _b.A77 2007 |
| 082 | 0 | 0 |
_a006.3 _222 _bART |
| 245 | 0 | 0 |
_aArtificial General Intelligence / _cBen Goertzel, Cassio Pennachin (eds.). |
| 260 |
_aBerlin ; _aNew York : _bSpringer, _cc2007. |
||
| 300 |
_axv, 508 p. : _bill. ; _c24 cm. |
||
| 490 | 0 |
_aCognitive technologies, _x1611-2482 |
|
| 504 | _aIncludes bibliographical references and index. | ||
| 650 | 0 | _aArtificial intelligence. | |
| 650 | 0 |
_aArtificial intelligence _xComputer simulation. |
|
| 650 | 0 |
_aIntellect _xMathematical models. |
|
| 650 | 0 |
_aIntellect _xComputer simulation. |
|
| 650 | 0 | _aCognitive science. | |
| 700 | 1 | _aGoertzel, Ben. | |
| 700 | 1 | _aPennachin, Cassio. | |
| 856 | 4 | 2 |
_3Contributor biographical information _uhttp://www.loc.gov/catdir/enhancements/fy0814/2006937159-b.html |
| 856 | 4 | 2 |
_3Publisher description _uhttp://www.loc.gov/catdir/enhancements/fy0814/2006937159-d.html |
| 856 | 4 | 1 |
_3Table of contents only _uhttp://www.loc.gov/catdir/enhancements/fy0823/2006937159-t.html |
| 942 |
_2ddc _cBB |
||
| 999 |
_c10582 _d10582 |
||